Going off script : how I survived a crazy childhood, cancer, and Clooney's 32 on-screen rejections /

"A ... memoir from ... Giuliana Rancic, ... best known for interviewing A-listers on E! News and the red carpet, skewering their most questionable sartorial decisions on Fashion Police, and giving viewers a front-row seat to her marriage and home life on her reality show, Giuliana and Bill ......

Full description

Bibliographic Details
Main Author: Rancic, Giuliana (Author)
Format: Book
Language:English
Published: New York : Crown Archetype, [2015]
Edition:First edition.
Subjects:

MARC

Tag First Indicator Second Indicator Subfields
LEADER 00000cam a2200000 i 4500
001 in00003536734
005 20151105181900.0
008 141231t20152015nyuaf 000 0aeng
010 |a  2014048904 
019 |a 885224512 
020 |a 9780553446654  |q (hardback) 
020 |a 0553446657  |q (hardback) 
035 |a (OCoLC)ocn899138011 
035 |a (OCoLC)899138011  |z (OCoLC)885224512 
040 |a DLC  |b eng  |e rda  |c DLC  |d IG#  |d YDXCP  |d BTCTA  |d BDX  |d JSE  |d GK5  |d JP3  |d GK8  |d UtOrBLW 
043 |a n-us--- 
049 |a TXAM 
050 0 0 |a PN1992.4.R3575  |b A3 2015 
082 0 0 |a 791.4502/8092  |a B  |2 23 
084 |a BIO005000  |a BIO026000  |a BIO022000  |2 bisacsh 
100 1 |a Rancic, Giuliana,  |e author. 
245 1 0 |a Going off script :  |b how I survived a crazy childhood, cancer, and Clooney's 32 on-screen rejections /  |c Giuliana Rancic. 
250 |a First edition. 
264 1 |a New York :  |b Crown Archetype,  |c [2015] 
264 4 |c ©2015 
300 |a 266 pages, 8 unnumbered pages of plates :  |b illustrations (chiefly color) ;  |c 22 cm 
336 |a text  |b txt  |2 rdacontent 
337 |a unmediated  |b n  |2 rdamedia 
338 |a volume  |b nc  |2 rdacarrier 
520 |a "A ... memoir from ... Giuliana Rancic, ... best known for interviewing A-listers on E! News and the red carpet, skewering their most questionable sartorial decisions on Fashion Police, and giving viewers a front-row seat to her marriage and home life on her reality show, Giuliana and Bill ... [She] really bares all--from her childhood as an Italian immigrant to her rise to the top of entertainment journalism (and all the amusing stories from working the celebrity beat) to never-before-revealed details of her struggles with infertility and breast cancer"--  |c Provided by publisher. 
600 1 0 |a Rancic, Giuliana. 
650 0 |a Television personalities  |z United States  |v Biography. 
650 7 |a BIOGRAPHY & AUTOBIOGRAPHY / Entertainment & Performing Arts.  |2 bisacsh 
650 7 |a BIOGRAPHY & AUTOBIOGRAPHY / Personal Memoirs.  |2 bisacsh 
650 7 |a BIOGRAPHY & AUTOBIOGRAPHY / Women.  |2 bisacsh 
655 7 |a Autobiographies.  |2 lcgft 
948 |a cataloged  |b h  |c 2015/4/27  |d c  |e ceaton  |f 12:46:13 pm 
994 |a C0  |b TXA 
999 |a MARS 
999 f f |s 862dea3f-7ef1-305a-87ef-39300c90cf44  |i 6d459608-9eea-3541-8f43-5a87959740da  |t 0 
952 f f |p normal  |a Texas A&M University  |b College Station  |c Sterling C. Evans Library  |d Evans: Library Stacks  |t 0  |e PN1992.4.R3575 A3 2015  |h Library of Congress classification  |i unmediated -- volume  |m A14843096380 
998 f f |a PN1992.4.R3575 A3 2015  |t 0  |l Evans: Library Stacks